000 00656nam a2200265Ia 4500
005 20260121164941.0
008 008 260114s9999 xx 000 0 eng d
020 _a9781441901941
037 _aEBOOK
040 _aCRL
040 _beng
040 _cCRL
041 _2eng
041 _aeng
084 _qCRL
100 _aAra Kirakosyan, Peter B. Kaufman
_91045675
245 0 _aRecent Advances in Plant Biotechnology
260 _bSpringer
260 _bSpringer
260 _c2009
856 _uhttps://link.springer.com/openurl?genre=book&isbn=978-1-4419-0194-1
942 _cEBOOK
999 _c1611398
_d1611398